Lean production simplified : (Record no. 21830)
[ view plain ]
| 000 -LEADER | |
|---|---|
| fixed length control field | 01192cam a22003255a 4500 |
| 001 - CONTROL NUMBER | |
| control field | 19000066 |
| 005 - DATE AND TIME OF LATEST TRANSACTION | |
| control field | 20201128023745.0 |
| 008 - FIXED-LENGTH DATA ELEMENTS--GENERAL INFORMATION | |
| fixed length control field | 160303t2016 flua frbd 001 0 eng d |
| 020 ## - INTERNATIONAL STANDARD BOOK NUMBER | |
| International Standard Book Number | 9781498708876 |
| 040 ## - CATALOGING SOURCE | |
| Original cataloging agency | YDXCP |
| Language of cataloging | eng |
| Transcribing agency | YDXCP |
| Modifying agency | OCLCO |
| -- | OCLCF |
| -- | CDX |
| -- | WAU |
| -- | DLC |
| -- | EG-ScBUE |
| 082 04 - DEWEY DECIMAL CLASSIFICATION NUMBER | |
| Edition number | 22 |
| Classification number | 658.5 |
| Item number | DEN |
| 100 1# - MAIN ENTRY--PERSONAL NAME | |
| Personal name | Dennis, Pascal, |
| Dates associated with a name | 1957- |
| 9 (RLIN) | 40098 |
| 245 10 - TITLE STATEMENT | |
| Title | Lean production simplified : |
| Remainder of title | a plain-language guide to the world's most powerful production system / |
| Statement of responsibility, etc | Pascal Dennis ; foreword by John Shook. |
| 250 ## - EDITION STATEMENT | |
| Edition statement | 3rd ed. |
| 260 ## - PUBLICATION, DISTRIBUTION, ETC. (IMPRINT) | |
| Place of publication, distribution, etc | Boca Raton : |
| Name of publisher, distributor, etc | CRC Press / Taylor & Francis Group, |
| Date of publication, distribution, etc | c.2016. |
| 300 ## - PHYSICAL DESCRIPTION | |
| Extent | xxv, 223 p. : |
| Other physical details | ill. ; |
| Dimensions | 26 cm. |
| 500 ## - GENERAL NOTE | |
| General note | "A Productivity Press book." |
| 500 ## - GENERAL NOTE | |
| General note | "The Shingo Prize research award" |
| 500 ## - GENERAL NOTE | |
| General note | Glossary : p. 207-210. |
| 500 ## - GENERAL NOTE | |
| General note | Index : p. 215-223. |
| 504 ## - BIBLIOGRAPHY, ETC. NOTE | |
| Bibliography, etc | Bibliography : p. 211-213. |
| 650 #7 - SUBJECT ADDED ENTRY--TOPICAL TERM | |
| Topical term or geographic name as entry element | Production management. |
| Source of heading or term | BUEsh |
| 9 (RLIN) | 1855 |
| 650 #7 - SUBJECT ADDED ENTRY--TOPICAL TERM | |
| Topical term or geographic name as entry element | Lean manufacturing. |
| Source of heading or term | BUEsh |
| 9 (RLIN) | 35776 |
| 650 #7 - SUBJECT ADDED ENTRY--TOPICAL TERM | |
| Topical term or geographic name as entry element | Just-in-time systems. |
| Source of heading or term | BUEsh |
| 9 (RLIN) | 40099 |
| 650 #7 - SUBJECT ADDED ENTRY--TOPICAL TERM | |
| Topical term or geographic name as entry element | Production control. |
| Source of heading or term | BUEsh |
| 9 (RLIN) | 40100 |
| 651 ## - SUBJECT ADDED ENTRY--GEOGRAPHIC NAME | |
| Source of heading or term | BUEsh |
| 653 ## - INDEX TERM--UNCONTROLLED | |
| Resource For college | BAEPS, Business Administration |
| Arrived date list | May2016 |
| 700 ## - ADDED ENTRY--PERSONAL NAME | |
| Personal name | Shook, John, |
| Relator term | author of introduction, etc. |
| 942 ## - ADDED ENTRY ELEMENTS (KOHA) | |
| Source of classification or shelving scheme | Dewey Decimal Classification |
| Withdrawn status | Item status | Source of classification or shelving scheme | Damaged status | Not for loan | Vendor | Home library | Current library | Shelving location | Date acquired | Source of acquisition | Cost, normal purchase price | Total Checkouts | Total Renewals | Full call number | Barcode | Date last seen | Date last borrowed | Cost, replacement price | Koha item type | Serial Enumeration / chronology |
|---|---|---|---|---|---|---|---|---|---|---|---|---|---|---|---|---|---|---|---|---|
| Dewey Decimal Classification | Alahram | Central Library | Central Library | First floor | 31/05/2016 | Purchase | 330.00 | 2 | 48 | 658.5 DEN | 000032611 | 15/07/2025 | 14/10/2018 | 412.50 | Book - Borrowing | |||||
| Dewey Decimal Classification | Baccah | Central Library | Central Library | First floor | 27/11/2016 | Purchase | 390.00 | 2 | 658.5 DEN | 000045025 | 15/07/2025 | 05/04/2017 | 487.50 | Book - Borrowing | 25145 |